00410nam a2200133Ia 450000500170000000800410001702000170005808200200007524500340009525000110012994200080014099900170014895201110016520251222154337.0251222s9999||||xx |||||||||||||| ||spa|| a84-2531040-7 aREF.030/G81/T.1 0aEnciclopedia general básica a2a.ed. cLIB c34382d34382 00104070aBTARbBTARcP01d2025-12-22l0oREF.030/G81/T.1p0013557r2025-12-22 15:43:37w2025-12-22yLIB